Подробности
| 000 -МАРКЕР |
| контрольное поле |
02132nam2a22003131 4500 |
| 001 - ИДЕНТИФИКАТОР ЗАПИСИ |
| контрольное поле |
rc\3716305 |
| 005 - ИДЕНТИФИКАТОР ВЕРСИИ |
| контрольное поле |
20250610103142.0 |
| 021 ## - НОМЕР ГОСУДАРСТВЕННОЙ РЕГИСТРАЦИИ |
| Код страны |
Российская Федерация |
| Номер |
[73-73889] |
| 035 ## - ДРУГИЕ СИСТЕМНЫЕ НОМЕРА |
| Идентификатор записи |
(NLR Aleph) 007859913 |
| 100 ## - ДАННЫЕ ОБЩЕЙ ОБРАБОТКИ |
| Данные общей обработки |
20130115d1973 |||y0rusy50 ca |
| 101 0# - ЯЗЫК РЕСУРСА |
| Язык текста, звукозаписи и т.д. |
русский |
| 102 ## - СТРАНА ПУБЛИКАЦИИ ИЛИ ПРОИЗВОДСТВА |
| Страна публикации |
Российская Федерация |
| 105 ## - ПОЛЕ КОДИРОВАННЫХ ДАННЫХ: ТЕКСТОВЫЕ МАТЕРИАЛЫ, МОНОГРАФИЧЕСКИЕ |
| Кодированные данные о монографическом текстовом документе |
y z ||||| |
| 200 1# - ЗАГЛАВИЕ И СВЕДЕНИЯ ОБ ОТВЕТСТВЕННОСТИ |
| Основное заглавие |
Комплекс программ "Памир-72" |
| Первые сведения об ответственности |
М-во автомоб. транспорта РСФСР. Отраслевой фонд алгоритмов и программ. Ленингр. гос. ун-т им. А.А. Жданова. Вычислит. центр Главленавтотранса |
| Последующие сведения об ответственности |
[Разраб. Аникеич А.А., Грибов А.Б., Михейкина Р.Ф. и др.] |
| 210 ## - ПУБЛИКАЦИЯ, РАСПРОСТРАНЕНИЕ И ДР. |
| Дата издания, распространения и т.д. |
1973 |
| Место издания, распространения и т.д. |
Б. м. |
| 215 ## - ФИЗИЧЕСКАЯ ХАРАКТЕРИСТИКА |
| Специфическое обозначение материала и объем |
224 с. |
| 320 ## - ПРИМЕЧАНИЯ О НАЛИЧИИ В ДОКУМЕНТЕ БИБЛИОГРАФИИ / УКАЗАТЕЛЯ |
| Текст примечания |
Список лит.: с. 222 (10 назв.) |
| 461 #0 - УРОВЕНЬ НАБОРА |
| Встроенное поле |
001rc\3716300 |
| -- |
2001#$aСпециальное математическое обеспечение ЭВМ "Урал-14"$eВып. 1-$fМ-во автомоб. транспорта РСФСР. Ордена Труд. Красного Знамени Гл. ленингр. упр. автомоб. транспорта. Вычисл. центр$vВып. 5 |
| Системный номер (АБИС) связанной записи |
7797905 |
| Место публикации |
Ленинград |
| Дата публикации |
1971 |
| Первые сведения об ответственности |
М-во автомоб. транспорта РСФСР. Ордена Труд. Красного Знамени Гл. ленингр. упр. автомоб. транспорта. Вычисл. центр |
| Имя издателя, распространителя и т.д. |
Б. и. |
| Сведения, относящиеся к заглавию |
Вып. 1- |
| Заглавие |
Специальное математическое обеспечение ЭВМ "Урал-14" |
| Номер тома |
Вып. 5 |
| 532 11 - РАСШИРЕННОЕ ЗАГЛАВИЕ |
| Заглавие |
Комплекс программ Памир семьдесят два |
| 606 ## - НАИМЕНОВАНИЕ ТЕМЫ КАК ПРЕДМЕТ |
| Наименование темы |
Автомобильные перевозки, грузовые |
| Тематический подзаголовок |
Маршрутизация |
| -- |
Математические методы (вып. 5) |
| Код системы |
psbo |
| 702 #1 - ИМЯ ЛИЦА - ВТОРИЧНАЯ ОТВЕТСТВЕННОСТЬ |
| Начальный элемент ввода |
Грибов |
| Часть имени, кроме начального элемента ввода |
А.Б. |
| Код отношения |
Прочие |
| 702 #1 - ИМЯ ЛИЦА - ВТОРИЧНАЯ ОТВЕТСТВЕННОСТЬ |
| Начальный элемент ввода |
Аникеич |
| Часть имени, кроме начального элемента ввода |
А.А. |
| Расширение инициалов личного имени |
Андрей Аверьянович |
| Код отношения |
Прочие |
| 702 #1 - ИМЯ ЛИЦА - ВТОРИЧНАЯ ОТВЕТСТВЕННОСТЬ |
| Начальный элемент ввода |
Михейкина |
| Часть имени, кроме начального элемента ввода |
Р.Ф. |
| Код отношения |
Прочие |
| 801 #0 - ИСТОЧНИК ЗАПИСИ |
| Страна |
Российская Федерация |
| Организация |
NLR |
| Правила каталогизации |
psbo |
| 801 #1 - ИСТОЧНИК ЗАПИСИ |
| Страна |
Российская Федерация |
| Организация |
ELAR |
| Источник данных |
rusmarc |
| 852 ## - МЕСТОНАХОЖДЕНИЕ И ШИФР ХРАНЕНИЯ |
| Идентификатор организации |
NLR |
| Шифр хранения (Call Number) |
72-3/1611 |
| 942 ## - ДОПОЛНИТЕЛЬНЫЕ ЭЛЕМЕНТЫ ЗАПИСИ (АБИС) |
| Тип экземпляра АБИС |
Книга |
| 980 ## - КОЛЛЕКЦИЯ |
| Название коллекции |
Национальная библиография |